Lịch sử cách mạng tháng Tám 1945
Gorde:
| Formatua: | Sách giấy |
|---|---|
| Hizkuntza: | Vietnamese |
| Argitaratua: |
Hà Nội :
Chính trị Quốc gia ,
1995
|
| Etiketak: |
Etiketa erantsi
Etiketarik gabe, Izan zaitez lehena erregistro honi etiketa jartzen!
|
| Thư viện lưu trữ: | Thư viện Trường Đại học Đà Lạt |
|---|
| LEADER | 00553nam a2200241 4500 | ||
|---|---|---|---|
| 001 | DLU020011771 | ||
| 005 | ##5/17/2000 | ||
| 020 | # | # | |a 978- |
| 041 | # | # | |a vie |
| 082 | # | # | |a 959.703 |b VIE |
| 090 | # | # | |a 959.703 |b VIE |
| 245 | # | # | |a Lịch sử cách mạng tháng Tám 1945 |
| 260 | # | # | |a Hà Nội : |b Chính trị Quốc gia , |c 1995 |
| 300 | # | # | |a 296 tr.; |c 19 cm. |
| 992 | # | # | |a 19000 |
| 994 | # | # | |a DLU |
| 900 | # | # | |a False |
| 911 | # | # | |a Administrator |
| 925 | # | # | |a G |
| 926 | # | # | |a A |
| 927 | # | # | |a SH |
| 980 | # | # | |a Thư viện Trường Đại học Đà Lạt |